Tiếng Nhật dành cho nhân viên khách sạn /
Những điều cốt yếu trong tiếng Nhật dành cho Nhân viên khách sạn; Trau dồi trình độ Nhật ngữ.
Gardado en:
| Autor Principal: | |
|---|---|
| Formato: | Libro |
| Idioma: | Vietnamese Japanese |
| Publicado: |
Tp.HCM :
Nxb Trẻ,
2002.
|
| Những chủ đề: | |
| Các nhãn: |
Engadir etiqueta
Sen Etiquetas, Sexa o primeiro en etiquetar este rexistro!
|
| Thư viện lưu trữ: | Mạng thư viện Đại học Đà Nẵng |
|---|
| LEADER | 01316nam a22003491a 4500 | ||
|---|---|---|---|
| 001 | 000039516 | ||
| 003 | 15811 | ||
| 005 | 20210410100407.0 | ||
| 008 | 160412s2002 000 | ||
| 020 | |c 22000 | ||
| 040 | |a lnn |c lnn |d lnn | ||
| 041 | 0 | |a vie |a jpn | |
| 082 | 1 | 4 | |a 495.6 |b TR-T |
| 100 | 1 | |a Trần Việt Thanh. | |
| 245 | 1 | 0 | |a Tiếng Nhật dành cho nhân viên khách sạn / |c Trần Việt Thanh. |
| 260 | |a Tp.HCM : |b Nxb Trẻ, |c 2002. | ||
| 300 | |a 242 tr. ; |c 19 cm. | ||
| 520 | 3 | |a Những điều cốt yếu trong tiếng Nhật dành cho Nhân viên khách sạn; Trau dồi trình độ Nhật ngữ. | |
| 630 | 0 | 4 | |a Nhật ngữ. |
| 630 | 0 | 4 | |a Japanese language. |
| 630 | 0 | 4 | |a Đàm thoại. |
| 650 | 0 | 4 | |a Nhật ngữ |x Đàm thoại |x Nhân viên khách sạn. |
| 650 | 0 | 4 | |a Japanese language |x Study and teaching. |
| OWN | |a LNN | ||
| 902 | |a TKN | ||
| AVA | |a UDN50 |b LNN |c Japanese-Korean-Thailander |d 495.6 TR-T |e available |t Error 5001 Not defined in file expand_doc_bib_avail. |f 3 |g 0 |h N |i 0 |j HN | ||
| 999 | |a From the UDN01 | ||
| AVA | |a UDN50 |b LNN |c Japanese-Korean-Thailander |d 495.6 TR-T |e available |t Error 5001 Not defined in file expand_doc_bib_avail. |f 3 |g 0 |h N |i 0 |j HN | ||
| TYP | |a Monograph | ||
| 980 | |a Mạng thư viện Đại học Đà Nẵng | ||